Llueve y distancia / (Registro nro. 24)
[ vista simple ]
| 000 -CABECERA | |
|---|---|
| fixed length control field | 00853Cam#a2200265#a#4500 |
| 003 - CONTROL NUMBER IDENTIFIER | |
| control field | AR-BeUNQ |
| 005 - FECHA Y HORA DE LA ULTIMA TRANSACCION | |
| control field | 20220224182227.0 |
| 008 - ELEMENTOS DE LONGITUD FIJA-INFORMACION GENERAL | |
| fixed length control field | 151016s2014||||ag # ##||||#001|p#spa#d |
| 020 ## - NUMERO INTERNACIONAL NORMALIZADO PARA LIBROS | |
| Número Internacional Normalizado del libro | 9789506949341 |
| 040 ## - FUENTE DE CATALOGACION | |
| Agencia de catalogación original | AR-BeUNQ |
| Idioma de catalogación | ESPAÑOL |
| 041 1# - CODIGO DE IDIOMA | |
| Código de idioma para texto/pista de sonido | |
| 082 04 - NUMERO DE CLASIFICACION DECIMAL DEWEYMBER | |
| Número de clasificación | Ar861 |
| Número de la edición | 21 |
| 100 1# - ASIENTO PRINCIPAL-NOMBRE PERSONAL | |
| Nombre personal | Ruta, Carlos. |
| 245 02 - MENCION DE TITULO | |
| Título | Llueve y distancia / |
| Mención de responsabilidad, etc | Carlos Ruta. |
| 260 ## - PUBLICACION, DISTRIBUCION, ETC. | |
| Lugar de publicación, distribución, etc. | Buenos Aires : |
| Nombre del editor, distribuidor, etc. | Grupo Editor Latinoamericano, |
| Fecha de publicación, distribución, etc | c2014. |
| 300 ## - DESCRIPCION FISICA | |
| Extensión | [99] p. ; |
| Dimensiones | 23 cm. |
| 490 1# - MENCION DE SERIE | |
| Mención de serie | Colección Juan Gelman ; |
| 500 ## - NOTA GENERAL | |
| Nota general | Edición especial para el Ministerio de Educación. |
| 650 #7 - ASIENTO SECUNDARIO DE MATERIA - TERMINO TEMATICO | |
| Término temático o nombre geográfico como elemento de entrada | Literatura (arte) |
| Fuente del encabezamiento o términ | spines |
| 650 #7 - ASIENTO SECUNDARIO DE MATERIA - TERMINO TEMATICO | |
| Término temático o nombre geográfico como elemento de entrada | Literatura argentina |
| Fuente del encabezamiento o términ | tell |
| 650 #7 - ASIENTO SECUNDARIO DE MATERIA - TERMINO TEMATICO | |
| Término temático o nombre geográfico como elemento de entrada | Poesía |
| Fuente del encabezamiento o términ | tell |
| 830 #0 - ASIENTO SECUNDARIO DE SERIE--TITULO UNIFORME | |
| Título uniforme | Colección Juan Gelman. ; |
| Designación numérica/secuencial del volumen | 35 |
| 929 ## - DATOS DE ADQUISICION | |
| Procedencia | DONACION |
| Proveedor | Minsterio de Educación |
| Precio | 100,00E |
| Fecha de recibido | 20151006 |
| Patrimonio UNQ | PAT0059859 |
| Número de Pase u otro número de Donación | 2912 Exp. 827-0387/98 |
| Número de inventario | 53796 |
| 942 ## - ELEMENTOS DE PUNTO DE ACCESO ADICIONAL (KOHA) | |
| Tipo de ítem Koha | Libros |
| Suppress in OPAC | 0 |
| Estado de retiro | Estado de pérdida | Ubicación permanente | Ubicación actual | Ubicación en estantería | Fecha de ingreso | Total Checkouts | Signatura topográfica completa | Inventario | Date last seen | Número de copia | Tipo de ítem Koha | Operador |
|---|---|---|---|---|---|---|---|---|---|---|---|---|
| Biblioteca ESET - UNQ | Biblioteca ESET - UNQ | CIRCULACION | 02/06/2016 | Ar 861 RUT | 53796 | 02/06/2016 | 1 | Libros | CG |